Country Pairs by Pattern Quiz Stats

 Plays Quiz Updated Apr 6, 2012

Challenge
Share
Tweet
Embed
Score 0/32 Timer 10:00
1 Play Today
Pattern Countries % Correct
_ _ _ TH KOREANorth Korea, South Korea
99.5%
I _ ELANDIceland, Ireland
94.3%
SLOV _ _ IASlovakia, Slovenia
93.1%
IRA _Iran, Iraq
92.8%
CHI _ _Chile, China
76.7%
AL _ _ _ IAAlbania, Algeria
69.3%
BEL _ _ _ _Belarus, Belgium
65.8%
BAH _ _ _ _Bahamas, Bahrain
64.4%
K _ _ _ _ _ STANKazakhstan, Kyrgyzstan
61.3%
M _ _ _ COMexico, Monaco
44.7%
_ _ ANDARwanda, Uganda
43.7%
GU _ _ _ _Guinea, Guyana
43.3%
_ R _ _ CEFrance, Greece
39.5%
S _ _ _ NSpain, Sudan
39.1%
C _ _ _ Chad, Cuba
37.1%
_ _ _ YAKenya, Libya
36.2%
Pattern Countries % Correct
_ Z _ _ _ _ _ _ _ _Azerbaijan, Uzbekistan
32.6%
MAL _ _ _ _ _Malaysia, Maldives
30.1%
E _ _ _ _ _ AEritrea, Estonia
26.5%
G _ _ _ _Gabon, Ghana
24.8%
_ _ _ G _ _ YHungary, Uruguay
24.5%
A _ _ _ _ _ _ _ AArgentina, Australia
22.2%
MA _ _ _ _ _ _ _ _Madagascar, Mauritania
21.4%
_ A _ _Laos, Mali
16.2%
_ OR _ A _ Jordan, Norway
13.1%
_ E _ MA _ _Denmark, Germany
10.7%
_ A _ B _ D _ _Barbados, Cambodia
7.3%
S _ _ _ _ _ _Senegal, Somalia
6.2%
_ _ S _ _ _Kosovo, Russia
2.7%
_ _ _ H _ _ _ _ _ _ _Afghanistan, Netherlands
2.5%
_ _ _ _ _ B _ _ _ _Luxembourg, Mozambique
2.2%
_ _ C _ _ _ _ _ _Macedonia, Nicaragua
2%

You're not logged in!

Compare scores with friends on all Sporcle quizzes.
Join for Free
OR
Log In

You Might Also Like...

Show Comments

Extras

Top Quizzes Today


Score Distribution

Your Account Isn't Verified!

In order to create a playlist on Sporcle, you need to verify the email address you used during registration. Go to your Sporcle Settings to finish the process.

Report this User

Report this user for behavior that violates our Community Guidelines.

Details: